[Event "Olympiad-44"]
[Site "Chennai"]
[Date "2022.07.29"]
[Round "1.4"]
[White "Bengherabi, Khalil"]
[Black "Abasov, Nijat Azad"]
[Result "0-1"]
[WhiteElo "2097"]
[BlackElo "2633"]
[PlyCount "122"]
[EventDate "2022.07.29"]
[EventType "team-swiss"]
[EventRounds "11"]
[EventCountry "IND"]
[SourceTitle "CBM 210"]
[Source "ChessBase"]
[SourceDate "2022.10.31"]
[SourceVersion "1"]
[SourceVersionDate "2022.10.31"]
[SourceQuality "1"]
[WhiteTeam "Algeria"]
[BlackTeam "Azerbaijan"]
[WhiteTeamCountry "ALG"]
[BlackTeamCountry "AZE"]

1. e4 c5 2. Nf3 d6 3. d4 cxd4 4. Nxd4 Nf6 5. Nc3 a6 6. g3 e5 7. Nb3 Be7 8. Bg2 0-0 9. 0-0 Be6 10. a4 Nbd7 11. Re1 Qc7 12. Nd2 Qc5 13. Nf1 Rfc8 14. Ne3 Bd8 15. Ncd5 Bxd5 16. exd5 b5 17. b3 Ba5 18. Bd2 Bxd2 19. Qxd2 g6 20. Red1 h5 21. axb5 axb5 22. b4 Qb6 23. Ra5 Rxa5 24. bxa5 Qc5 25. Rb1 Ra8 26. Bf1 Ne4 27. Qb4 Nc3 28. Qxc5 dxc5 29. Ra1 c4 30. a6 Nc5 31. a7 N5a4 32. Nd1 Nxd1 33. Rxd1 Rxa7 34. d6 Rd7 35. Bg2 Nc3 36. Bc6 Rd8 37. Rd2 e4 38. Kf1 Kg7 39. Ke1 Kf6 40. f4 exf3 41. Kf2 Ke5 42. d7 Ne4+ 43. Bxe4 Kxe4 44. c3 Ke5 45. Kxf3 Ke6 46. Rb2 Rxd7 47. Rxb5 Rd3+ 48. Ke4 Rxc3 49. Rc5 Rc2 50. h4 Rc3 51. Kf4 Rc1 52. Ke4 Kd6 53. Rc8 Re1+ 54. Kf3 Kd5 55. Rc7 Kd4 56. Rd7+ Kc3 57. Kg2 Re2+ 58. Kf3 Re5 59. Kf4 Re1 60. Kg5 Rf1 61. Rc7 Kd3 0-1

[Event "Monastir zt 4.1"]
[Site "Monastir"]
[Date "2022.03.19"]
[Round "9"]
[White "Sadek, Sameh"]
[Black "Bengherabi, Khalil"]
[Result "1-0"]
[WhiteElo "2233"]
[BlackElo "2124"]
[PlyCount "118"]
[EventDate "2022.03.13"]
[EventType "swiss"]
[EventRounds "9"]
[EventCountry "TUN"]
[SourceTitle "EXT 2023"]
[Source "ChessBase"]
[SourceDate "2022.10.05"]
[SourceVersion "1"]
[SourceVersionDate "2022.10.05"]
[SourceQuality "1"]

1. d4 d5 2. Nf3 Nf6 3. c4 e6 4. Nbd2 Be7 5. g3 0-0 6. Bg2 Nbd7 7. 0-0 c6 8. Qc2 b6 9. e4 Bb7 10. e5 Ne8 11. cxd5 exd5 12. Re1 Nc7 13. Nf1 Ne6 14. Ne3 Re8 15. h4 h6 16. Nf5 Bf8 17. Be3 c5 18. Qd2 cxd4 19. N5xd4 Nec5 20. Bf4 Ne4 21. Qe3 Ndc5 22. Bh3 Ne6 23. Nxe6 fxe6 24. h5 Bc5 25. Nd4 Bxd4 26. Qxd4 Ng5 27. Bg4 Nh7 28. Be2 Re7 29. Bd3 Nf8 30. Bd2 Rf7 31. f4 Nd7 32. b4 a6 33. Rac1 Re7 34. Be3 Qe8 35. Bg6 Qd8 36. Bb1 Qe8 37. g4 Rb8 38. Rc7 Qd8 39. Rec1 Nf8 40. R7c2 b5 41. Rg2 Rc8 42. Rxc8 Qxc8 43. Rc2 Rc7 44. Rxc7 Qxc7 45. Bd3 Nd7 46. Kf2 Nb8 47. Qc5 Nc6 48. Kg3 Qd7 49. Bd2 Qd8 50. Bb1 Ne7 51. Qc2 Kf7 52. Qh7 d4 53. Bg6+ Kf8 54. Qh8+ Ng8 55. Bh7 Kf7 56. f5 exf5 57. Bxg8+ Qxg8 58. e6+ Kf8 59. e7+ Kf7 1-0

[Event "Monastir zt 4.1"]
[Site "Monastir"]
[Date "2022.03.16"]
[Round "6"]
[White "Ben Hamouda, Mohamed Aymen"]
[Black "Bengherabi, Khalil"]
[Result "0-1"]
[WhiteElo "1509"]
[BlackElo "2124"]
[PlyCount "60"]
[EventDate "2022.03.13"]
[EventType "swiss"]
[EventRounds "9"]
[EventCountry "TUN"]
[SourceTitle "EXT 2023"]
[Source "ChessBase"]
[SourceDate "2022.10.05"]
[SourceVersion "1"]
[SourceVersionDate "2022.10.05"]
[SourceQuality "1"]

1. e4 c5 2. Nf3 d6 3. d4 cxd4 4. Nxd4 Nf6 5. Nc3 g6 6. Be3 Bg7 7. f3 0-0 8. Qd2 Nc6 9. Bc4 Bd7 10. 0-0-0 Rb8 11. Bb3 Na5 12. h4 b5 13. h5 Nc4 14. Bxc4 bxc4 15. hxg6 fxg6 16. Bh6 Qb6 17. b3 Bxh6 18. Qxh6 cxb3 19. Nd5 bxa2 20. Nxf6+ Kf7 21. Qxh7+ Kxf6 22. Qh4+ Kf7 23. Qh7+ Ke8 24. Qxg6+ Kd8 25. Nb3 Qxb3 26. cxb3 a1Q+ 27. Kd2 Qd4+ 28. Kc2 Rc8+ 29. Kb1 Qc3 30. Ka2 Rc6 0-1

[Event "Monastir zt 4.1"]
[Site "Monastir"]
[Date "2022.03.16"]
[Round "5"]
[White "Bengherabi, Khalil"]
[Black "Araoun, Saadi"]
[Result "0-1"]
[WhiteElo "2124"]
[BlackElo "2058"]
[PlyCount "174"]
[EventDate "2022.03.13"]
[EventType "swiss"]
[EventRounds "9"]
[EventCountry "TUN"]
[SourceTitle "EXT 2023"]
[Source "ChessBase"]
[SourceDate "2022.10.05"]
[SourceVersion "1"]
[SourceVersionDate "2022.10.05"]
[SourceQuality "1"]

1. e4 c6 2. Nf3 d5 3. Nc3 Bg4 4. h3 Bxf3 5. Qxf3 e6 6. d3 g6 7. e5 Bg7 8. d4 Nd7 9. Qd3 a6 10. f4 c5 11. dxc5 Nxc5 12. Qd4 Qh4+ 13. Kd1 Rc8 14. Be3 h5 15. Na4 Nd7 16. Nb6 Nxb6 17. Qxb6 Qe7 18. Bd3 Nh6 19. Kd2 h4 20. Rad1 Nf5 21. Bxf5 gxf5 22. Kc1 Qc7 23. Qb3 Qc4 24. Rd3 Qxb3 25. Rxb3 Rc7 26. Bd4 Rc4 27. Rd1 b5 28. Ra3 Rc6 29. Rf3 Bh6 30. Kd2 Rg8 31. Rg1 Kd7 32. c3 Rg6 33. b4 Rc8 34. Ke2 Rcg8 35. Kf2 Bf8 36. Rd3 Be7 37. Rdd1 Rg3 38. Kf1 Bf8 39. Kf2 Kc6 40. Be3 Be7 41. Ra1 Bd8 42. a4 bxa4 43. Bd4 Kb5 44. Ra2 Be7 45. Raa1 Rd3 46. Ke2 Rdg3 47. Kf2 Bf8 48. Ra2 Bh6 49. Be3 Rc8 50. Bd4 Rcg8 51. Be3 Bf8 52. Bd4 Be7 53. Raa1 Bd8 54. Ra2 Bc7 55. Raa1 Rb8 56. Ra2 Bb6 57. Bxb6 Rxb6 58. Rga1 Rxc3 59. Rxa4 Rc4 60. Ke3 Rxb4 61. Ra5+ Kc6 62. Rxa6 Rxa6 63. Rxa6+ Rb6 64. Ra7 Rb7 65. Ra8 Rb3+ 66. Kd4 Rb4+ 67. Ke3 Re4+ 68. Kd3 Rxf4 69. Ra7 d4 70. Kc4 d3+ 71. Kxd3 Rf2 72. Rxf7 Rxg2 73. Kd4 Ra2 74. Re7 Ra4+ 75. Ke3 Kd5 76. Rb7 Kxe5 77. Rb5+ Kf6 78. Kf3 Ra3+ 79. Kg2 e5 80. Rb8 Kg5 81. Rg8+ Kf4 82. Rh8 Ra2+ 83. Kg1 Kg3 84. Rg8+ Kxh3 85. Rg5 Ra4 86. Rxf5 Rg4+ 87. Kh1 Rf4 0-1

[Event "Monastir zt 4.1"]
[Site "Monastir"]
[Date "2022.03.15"]
[Round "4"]
[White "Msellek, Ilyass"]
[Black "Bengherabi, Khalil"]
[Result "1-0"]
[WhiteElo "2411"]
[BlackElo "2124"]
[PlyCount "121"]
[EventDate "2022.03.13"]
[EventType "swiss"]
[EventRounds "9"]
[EventCountry "TUN"]
[SourceTitle "EXT 2023"]
[Source "ChessBase"]
[SourceDate "2022.10.05"]
[SourceVersion "1"]
[SourceVersionDate "2022.10.05"]
[SourceQuality "1"]

1. e4 c5 2. Nf3 d6 3. Bb5+ Nd7 4. 0-0 Ngf6 5. Re1 g6 6. c3 Bg7 7. d4 cxd4 8. cxd4 0-0 9. a4 a6 10. Bf1 d5 11. e5 Ne8 12. Nc3 Nb8 13. h3 Nc6 14. Be3 f6 15. exf6 Nxf6 16. Ne5 Qb6 17. Nxc6 Qxc6 18. Qb3 Be6 19. Rac1 Qd6 20. a5 Bd7 21. g3 Bc6 22. Bg2 Kh8 23. Bf4 Qd7 24. Be5 e6 25. Re2 Nh5 26. Rce1 Bxe5 27. Rxe5 Ng7 28. Ne2 Rf5 29. Nf4 Rxe5 30. Rxe5 Re8 31. g4 Qd8 32. Qc3 Bd7 33. b4 Qc8 34. Qc5 Qxc5 35. bxc5 Rf8 36. Nd3 Ne8 37. Re3 Nc7 38. Ne5 Bc8 39. Bf1 Rf4 40. Rb3 Kg7 41. c6 bxc6 42. Rb8 Rf8 43. Nxc6 e5 44. dxe5 Re8 45. Na7 Be6 46. Rb7 Re7 47. Nc6 Rd7 48. Nb8 Rf7 49. Nxa6 Na8 50. Rxf7+ Kxf7 51. Bb5 Bc8 52. Bc6 d4 53. Bxa8 Bxa6 54. Bd5+ Ke7 55. f4 d3 56. Kf2 d2 57. Bf3 Bb7 58. Bd1 Ke6 59. Bb3+ Bd5 60. Bxd5+ Kxd5 61. Ke2 1-0

[Event "Monastir zt 4.1"]
[Site "Monastir"]
[Date "2022.03.14"]
[Round "2"]
[White "Sentissi, Yassine"]
[Black "Bengherabi, Khalil"]
[Result "1/2-1/2"]
[WhiteElo "1844"]
[BlackElo "2124"]
[PlyCount "86"]
[EventDate "2022.03.13"]
[EventType "swiss"]
[EventRounds "9"]
[EventCountry "TUN"]
[SourceTitle "EXT 2023"]
[Source "ChessBase"]
[SourceDate "2022.10.05"]
[SourceVersion "1"]
[SourceVersionDate "2022.10.05"]
[SourceQuality "1"]

1. e4 c5 2. Nf3 d6 3. d4 cxd4 4. Nxd4 Nf6 5. Nc3 g6 6. Be3 Bg7 7. f3 0-0 8. Qd2 Nc6 9. Bc4 Bd7 10. 0-0-0 Rb8 11. Bb3 Na5 12. h4 b5 13. Kb1 Nc4 14. Bxc4 bxc4 15. g4 Qa5 16. Nd5 Qxd2 17. Nxe7+ Kh8 18. Rxd2 c3 19. Rdh2 Rxb2+ 20. Ka1 Bxg4 21. fxg4 Nxg4 22. h5 Nxh2 23. Rxh2 Rfb8 24. Rh1 R8b4 25. hxg6 fxg6 26. Nxg6+ Kg8 27. Ne7+ Kf7 28. Nd5 Bxd4 29. Nxb4 Bxe3 30. Nd5 Bd4 31. Rh4 h5 32. Rxh5 Kg6 33. Rh2 Kf7 34. Rh7+ Kg6 35. Rh2 Kg5 36. Rg2+ Kh4 37. Nf4 Be5 38. Nd3 Kh3 39. Re2 Rb5 40. Nxe5 Rxe5 41. Re3+ Kg4 42. Rxc3 Rxe4 43. Rc7 Ra4 1/2-1/2

[Event "Algiers Selection op"]
[Site "Algiers"]
[Date "2020.03.13"]
[Round "4"]
[White "Bengherabi, Khalil"]
[Black "Boulrens, Ala Eddine"]
[Result "1/2-1/2"]
[WhiteElo "2009"]
[BlackElo "1986"]
[PlyCount "57"]
[EventDate "2020.03.13"]
[EventType "swiss"]
[EventRounds "7"]
[EventCountry "ALG"]
[SourceTitle "CBM 195 Extra"]
[Source "ChessBase"]
[SourceDate "2020.05.31"]
[SourceVersion "1"]
[SourceVersionDate "2020.05.31"]
[SourceQuality "1"]

1. e4 e5 2. Nf3 Nc6 3. d4 exd4 4. Nxd4 Bc5 5. Be3 Qf6 6. c3 Nge7 7. Bc4 Bb6 8. 0-0 0-0 9. Na3 Ne5 10. f4 Nxc4 11. Nxc4 d5 12. e5 Qg6 13. Nxb6 axb6 14. Qf3 Bg4 15. Qf2 Bf5 16. Nxf5 Nxf5 17. a3 h5 18. Rad1 Qe6 19. Rd2 b5 20. Rfd1 c6 21. Qf3 g6 22. g3 Kg7 23. Bc5 Rh8 24. Rd3 Ra4 25. Bd4 Nh6 26. Rf1 Nf5 27. Rfd1 Nh6 28. Rf1 Nf5 29. Rfd1 1/2-1/2

[Event "Algiers Selection op"]
[Site "Algiers"]
[Date "2020.03.13"]
[Round "3"]
[White "Djabri, Massinas"]
[Black "Bengherabi, Khalil"]
[Result "1-0"]
[WhiteElo "1984"]
[BlackElo "2009"]
[PlyCount "55"]
[EventDate "2020.03.13"]
[EventType "swiss"]
[EventRounds "7"]
[EventCountry "ALG"]
[SourceTitle "CBM 195 Extra"]
[Source "ChessBase"]
[SourceDate "2020.05.31"]
[SourceVersion "1"]
[SourceVersionDate "2020.05.31"]
[SourceQuality "1"]

1. d4 d5 2. c4 e6 3. Nc3 Nf6 4. cxd5 exd5 5. Bg5 c6 6. e3 Be7 7. Bd3 Nbd7 8. Nge2 0-0 9. Qc2 Re8 10. 0-0 Nf8 11. f3 Be6 12. Rae1 Ng6 13. e4 dxe4 14. fxe4 Ng4 15. Bc1 Rc8 16. h3 Nf6 17. Kh1 a6 18. Rd1 b5 19. a3 Qc7 20. Nf4 Nf8 21. e5 Nd5 22. Nxe6 fxe6 23. Nxd5 cxd5 24. Qf2 Bd8 25. Bd2 g6 26. Rc1 Qxc1 27. Qf7+ Kh8 28. Bxc1 1-0

[Event "Arab Cities"]
[Site "Hammamet"]
[Date "2020.03.04"]
[Round "2.3"]
[White "Bengherabi, Khalil"]
[Black "Salama, Taher"]
[Result "1-0"]
[WhiteElo "2102"]
[BlackElo "1881"]
[PlyCount "41"]
[EventDate "2020.03.03"]
[EventType "team"]
[EventRounds "5"]
[EventCountry "TUN"]
[SourceTitle "CBM 195 Extra"]
[Source "ChessBase"]
[SourceDate "2020.05.31"]
[SourceVersion "1"]
[SourceVersionDate "2020.05.31"]
[SourceQuality "1"]
[WhiteTeam "Algeria"]
[BlackTeam "Palestine"]
[WhiteTeamCountry "ALG"]
[BlackTeamCountry "PLE"]

1. e4 c5 2. Nf3 d6 3. d4 cxd4 4. Nxd4 Nf6 5. Nc3 a6 6. g3 Bg4 7. f3 Bd7 8. Be3 Nc6 9. Bg2 Nxd4 10. Bxd4 e5 11. Be3 Be6 12. 0-0 Be7 13. Qe2 Qc7 14. Rfd1 Rc8 15. a4 0-0 16. Qf2 Qc6 17. Rd2 h6 18. h3 Qc7 19. f4 exf4 20. Bb6 Qb8 21. Bd4 1-0

[Event "Arab Cities"]
[Site "Hammamet"]
[Date "2020.03.03"]
[Round "1.2"]
[White "Zanina, Moncef"]
[Black "Bengherabi, Khalil"]
[Result "0-1"]
[WhiteElo "2088"]
[BlackElo "2102"]
[PlyCount "45"]
[EventDate "2020.03.03"]
[EventType "team"]
[EventRounds "5"]
[EventCountry "TUN"]
[SourceTitle "CBM 195 Extra"]
[Source "ChessBase"]
[SourceDate "2020.05.31"]
[SourceVersion "1"]
[SourceVersionDate "2020.05.31"]
[SourceQuality "1"]
[WhiteTeam "Soliman"]
[BlackTeam "Algeria"]
[WhiteTeamCountry "TUN"]
[BlackTeamCountry "ALG"]

1. Nf3 c5 2. c4 Nf6 3. g3 d5 4. cxd5 Nxd5 5. Bg2 Nc6 6. 0-0 e5 7. Nc3 Nc7 8. b3 Be7 9. Bb2 0-0 10. Rc1 f6 11. Ne1 Bd7 12. Na4 Ne6 13. Nd3 b6 14. f4 exf4 15. Nxf4 Nxf4 16. Rxf4 Rc8 17. e3 Nb4 18. Rh4 Bf5 19. d4 g5 20. g4 gxh4 21. gxf5 cxd4 22. Bxd4 Rxc1 23. Qxc1 0-1

[Event "ALG Cup"]
[Site "Bejaia"]
[Date "2020.02.27"]
[Round "1"]
[White "Bengherabi, Khalil"]
[Black "Rahem, Samy"]
[Result "1-0"]
[WhiteElo "2148"]
[BlackElo "1235"]
[PlyCount "73"]
[EventDate "2020.02.27"]
[EventType "swiss"]
[EventRounds "7"]
[EventCountry "ALG"]
[SourceTitle "CBM 195 Extra"]
[Source "ChessBase"]
[SourceDate "2020.05.31"]
[SourceVersion "1"]
[SourceVersionDate "2020.05.31"]
[SourceQuality "1"]

1. e4 e5 2. Nf3 Nc6 3. d4 exd4 4. Nxd4 Bc5 5. Be3 Bxd4 6. Bxd4 Nxd4 7. Qxd4 Nf6 8. Nc3 d6 9. 0-0-0 0-0 10. f3 Be6 11. g4 Qe7 12. Be2 b5 13. Bxb5 a6 14. Bc6 Rab8 15. Rhe1 Rb6 16. Bd5 Rfb8 17. b3 Rb4 18. Qd2 a5 19. g5 Nd7 20. f4 Bg4 21. Bc6 Bxd1 22. Nd5 Qd8 23. Kxd1 Nc5 24. Nxb4 Rxb4 25. a3 Rb8 26. Qxa5 Rb6 27. Bd5 Ra6 28. Qb4 c6 29. Bc4 Rb6 30. Qa5 Rb8 31. Qxd8+ Rxd8 32. b4 Na4 33. Kd2 d5 34. exd5 cxd5 35. Bb5 Nb6 36. a4 Kf8 37. a5 1-0

[Event "ALG-ch"]
[Site "Ain Tagoura"]
[Date "2020.02.08"]
[Round "9"]
[White "Bengherabi, Khalil"]
[Black "Gueroui, Nacereddine"]
[Result "1/2-1/2"]
[WhiteElo "2148"]
[BlackElo "1924"]
[PlyCount "22"]
[EventDate "2020.02.04"]
[EventType "swiss"]
[EventRounds "9"]
[EventCountry "ALG"]
[SourceTitle "CBM 194 Extra"]
[Source "ChessBase"]
[SourceDate "2020.03.31"]
[SourceVersion "1"]
[SourceVersionDate "2020.03.31"]
[SourceQuality "1"]

1. e4 c5 2. c4 Nc6 3. Nc3 e5 4. g3 d6 5. Bg2 g6 6. Nf3 Bg7 7. 0-0 Nge7 8. d3 0-0 9. Nd5 Nxd5 10. cxd5 Nd4 11. Nxd4 exd4 1/2-1/2

[Event "ALG-ch"]
[Site "Ain Tagoura"]
[Date "2020.02.07"]
[Round "7"]
[White "Adjerit, Noureddine"]
[Black "Bengherabi, Khalil"]
[Result "1-0"]
[WhiteElo "1930"]
[BlackElo "2148"]
[PlyCount "84"]
[EventDate "2020.02.04"]
[EventType "swiss"]
[EventRounds "9"]
[EventCountry "ALG"]
[SourceTitle "CBM 194 Extra"]
[Source "ChessBase"]
[SourceDate "2020.03.31"]
[SourceVersion "1"]
[SourceVersionDate "2020.03.31"]
[SourceQuality "1"]

1. c4 e5 2. Nc3 Nc6 3. g3 g6 4. Bg2 Bg7 5. d3 d6 6. e4 Nge7 7. Nge2 0-0 8. Be3 f5 9. 0-0 Nd4 10. f4 fxe4 11. dxe4 Bg4 12. Qd2 c5 13. h3 Nxe2+ 14. Nxe2 Bxe2 15. Qxe2 Qd7 16. Rad1 Qe6 17. f5 gxf5 18. exf5 Rxf5 19. Rxf5 Qxf5 20. Rxd6 e4 21. Bf4 Ng6 22. Qxe4 Qxe4 23. Bxe4 Nxf4 24. gxf4 Rf8 25. Bxb7 Bd4+ 26. Kg2 Rxf4 27. Ra6 Rf2+ 28. Kg3 Rxb2 29. Rxa7 Bc3 30. Bd5+ Kh8 31. a4 Ra2 32. Kg4 Ra1 33. h4 Ra2 34. h5 h6 35. Kf5 Ra1 36. Be6 Rf1+ 37. Ke4 Ra1 38. Kd5 Rd1+ 39. Kc6 Ra1 40. Kxc5 Bd4+ 41. Kxd4 Rd1+ 42. Kc5 Rd5+ 1-0

[Event "ALG-ch"]
[Site "Ain Tagoura"]
[Date "2020.02.05"]
[Round "4"]
[White "Salhi, Nouressadat"]
[Black "Bengherabi, Khalil"]
[Result "0-1"]
[WhiteElo "1969"]
[BlackElo "2148"]
[PlyCount "120"]
[EventDate "2020.02.04"]
[EventType "swiss"]
[EventRounds "9"]
[EventCountry "ALG"]
[SourceTitle "CBM 194 Extra"]
[Source "ChessBase"]
[SourceDate "2020.03.31"]
[SourceVersion "1"]
[SourceVersionDate "2020.03.31"]
[SourceQuality "1"]

1. e4 c5 2. Nf3 d6 3. d4 cxd4 4. Nxd4 Nf6 5. Nc3 g6 6. Bb5+ Nbd7 7. 0-0 Bg7 8. Nde2 0-0 9. Ng3 a6 10. Be2 b5 11. a3 Bb7 12. h4 Nc5 13. Bf3 Nfd7 14. Re1 Ne5 15. Be2 e6 16. Bg5 f6 17. Be3 f5 18. exf5 gxf5 19. Bxc5 dxc5 20. Qxd8 Raxd8 21. Nh5 Bh8 22. Nf4 Kf7 23. Rad1 Rxd1 24. Nxd1 Ng6 25. Nh3 Nxh4 26. g3 Rg8 27. Bh5+ Ke7 28. Nf4 e5 29. Ne3 Nf3+ 30. Bxf3 Bxf3 31. Nxf5+ Kd7 32. Nd3 Rg5 33. Nh4 e4 34. Nxf3 exf3 35. Re3 c4 36. Ne1 Bxb2 37. Nxf3 Rd5 38. Kg2 a5 39. g4 a4 40. Ne5+ Kc7 41. Re4 Rc5 42. f4 Bxa3 43. c3 Bb2 44. f5 Bxc3 45. f6 Rxe5 46. f7 Rxe4 47. f8Q Rxg4+ 48. Kf3 Rg6 49. Ke4 Rd6 50. Qe7+ Kc6 51. Qe8+ Kc5 52. Qc8+ Kb6 53. Qb8+ Kc6 54. Qc8+ Kb6 55. Qb8+ Kc5 56. Qa7+ Rb6 57. Qe7+ Kc6 58. Qe6+ Kb7 59. Qd7+ Ka6 60. Kd5 Bb4 0-1

[Event "Gibraltar Masters 18th"]
[Site "Caleta"]
[Date "2020.01.29"]
[Round "9"]
[White "Bengherabi, Khalil"]
[Black "Sousa, Ludy Helsio Paulo"]
[Result "1/2-1/2"]
[WhiteElo "2106"]
[BlackElo "2247"]
[PlyCount "151"]
[EventDate "2020.01.21"]
[EventType "swiss"]
[EventRounds "10"]
[EventCountry "GGB"]
[SourceTitle "CBM 194 Extra"]
[Source "ChessBase"]
[SourceDate "2020.03.31"]
[SourceVersion "1"]
[SourceVersionDate "2020.03.31"]
[SourceQuality "1"]

1. e4 c5 2. Nf3 d6 3. d4 cxd4 4. Nxd4 Nf6 5. Nc3 a6 6. g3 e5 7. Nb3 Be7 8. Bg2 Be6 9. 0-0 0-0 10. a4 Nbd7 11. Re1 Qc7 12. Nd2 Nb6 13. a5 Nc4 14. Nxc4 Qxc4 15. Bg5 Qc5 16. Be3 Qc7 17. Na4 Ng4 18. Bb6 Qc8 19. h3 Nf6 20. Be3 Nd7 21. Ra3 Qc6 22. Nc3 Rac8 23. Re2 Nf6 24. f4 Qd7 25. fxe5 dxe5 26. Qxd7 Nxd7 27. Ra1 Nb8 28. Nd5 Bc5 29. c3 Rfd8 30. Kh2 Kf8 31. Rd1 Bxe3 32. Rxe3 Nc6 33. b4 Rd6 34. Red3 Rcd8 35. g4 Ne7 36. Kg3 f6 37. Kf2 Kf7 38. Ke3 Ng6 39. Bf1 Nf4 40. Nxf4 exf4+ 41. Kxf4 Rxd3 42. Bxd3 Ke7 43. Ke3 Rc8 44. Rc1 Kd6 45. Kd4 Rd8 46. Be2 Kc6+ 47. Ke3 Bb3 48. c4 Ba4 49. Ra1 Bc2 50. Rc1 Ba4 51. Ra1 Bc2 52. Ra2 Bb3 53. Rd2 Re8 54. Rd5 g5 55. Kd4 Kc7 56. e5 h6 57. Bf3 fxe5+ 58. Rxe5 Rxe5 59. Kxe5 Bxc4 60. Bg2 b6 61. Kf6 bxa5 62. bxa5 Kd6 63. Kg6 Ke5 64. Kxh6 Kf4 65. Bb7 Bf1 66. h4 gxh4 67. g5 h3 68. g6 h2 69. Bd5 Bc4 70. Bh1 Ke5 71. g7 Kd4 72. Kg5 Kc5 73. Kf4 Kb5 74. Kg3 Kxa5 75. Kxh2 Kb5 76. Be4 1/2-1/2

[Event "Gibraltar Masters 18th"]
[Site "Caleta"]
[Date "2020.01.28"]
[Round "8"]
[White "Adewole, Adeyinka Samuel"]
[Black "Bengherabi, Khalil"]
[Result "0-1"]
[WhiteElo "1941"]
[BlackElo "2106"]
[PlyCount "58"]
[EventDate "2020.01.21"]
[EventType "swiss"]
[EventRounds "10"]
[EventCountry "GGB"]
[SourceTitle "CBM 194 Extra"]
[Source "ChessBase"]
[SourceDate "2020.03.31"]
[SourceVersion "1"]
[SourceVersionDate "2020.03.31"]
[SourceQuality "1"]

1. e4 c5 2. Nc3 Nc6 3. f4 d6 4. Bc4 g6 5. Nf3 Bg7 6. d3 e6 7. a3 Nge7 8. 0-0 0-0 9. Ba2 Rb8 10. g4 Nd4 11. Ng5 h6 12. Nh3 Kh7 13. Ne2 Nxe2+ 14. Qxe2 f5 15. gxf5 exf5 16. Qf3 Nc6 17. Ng5+ Kh8 18. Nf7+ Rxf7 19. Bxf7 Nd4 20. Qg2 fxe4 21. dxe4 Qh4 22. Rf2 Nxc2 23. Rxc2 Qe1+ 24. Qf1 Bd4+ 25. Be3 Qxe3+ 26. Kh1 Bg4 27. Bd5 Bf3+ 28. Rg2 Rf8 29. Qc1 Bxg2+ 0-1

[Event "Gibraltar Challengers op-B"]
[Site "Caleta"]
[Date "2020.01.27"]
[Round "3"]
[White "Bengherabi, Khalil"]
[Black "Manukonda, Arun"]
[Result "0-1"]
[WhiteElo "2106"]
[BlackElo "1959"]
[PlyCount "140"]
[EventDate "2020.01.25"]
[EventType "swiss"]
[EventRounds "5"]
[EventCountry "GGB"]
[SourceTitle "CBM 194 Extra"]
[Source "ChessBase"]
[SourceDate "2020.03.31"]
[SourceVersion "1"]
[SourceVersionDate "2020.03.31"]
[SourceQuality "1"]

1. e4 c5 2. Nf3 d6 3. d4 cxd4 4. Nxd4 Nf6 5. Nc3 a6 6. g3 e5 7. Nb3 Be6 8. Bg2 Be7 9. 0-0 0-0 10. a4 Nbd7 11. Re1 Rc8 12. Nd2 Bg4 13. Bf3 Bh3 14. Nf1 Bxf1 15. Kxf1 Nc5 16. Nd5 Nxd5 17. Qxd5 Ne6 18. c3 Qc7 19. Kg1 Qc6 20. Bg4 Qxd5 21. exd5 f5 22. Bxf5 Rxf5 23. dxe6 Rf6 24. f4 Rxe6 25. fxe5 dxe5 26. Re4 Bc5+ 27. Kg2 Kf7 28. Bg5 Kg6 29. Bf4 Kf5 30. Rae1 Rce8 31. Bc1 g5 32. g4+ Kg6 33. Rf1 Rf6 34. Rxf6+ Kxf6 35. Kf3 h6 36. Be3 Bd6 37. Ke2 Ke6 38. c4 Rc8 39. Kd3 Bb4 40. Ke2 Rd8 41. b3 Rd7 42. c5 a5 43. Rc4 Kd5 44. Rc1 Kc6 45. h4 gxh4 46. Bxh6 Rd4 47. Kf3 Kd5 48. g5 e4+ 49. Ke2 Rd2+ 50. Kf1 h3 51. Kg1 Bxc5+ 52. Kh1 Be3 53. Re1 Bf4 54. Rf1 e3 55. Re1 Ke4 56. Bf8 Bxg5 57. Bc5 Bf4 58. Bb6 Rd5 59. Kg1 Kf3 60. Rf1+ Kg3 61. Re1 h2+ 62. Kh1 Kf2 63. Rc1 Ke2 64. Rc2+ Kd1 65. Rc4 e2 66. Bf2 Be3 67. Bg3 Bg1 68. Re4 Rd3 69. Bh4 Rxb3 70. Kg2 Rb4 0-1

[Event "Gibraltar Masters 18th"]
[Site "Caleta"]
[Date "2020.01.22"]
[Round "2"]
[White "Lujan, Carolina"]
[Black "Bengherabi, Khalil"]
[Result "1-0"]
[WhiteElo "2330"]
[BlackElo "2106"]
[PlyCount "75"]
[EventDate "2020.01.21"]
[EventType "swiss"]
[EventRounds "10"]
[EventCountry "GGB"]
[SourceTitle "CBM 194 Extra"]
[Source "ChessBase"]
[SourceDate "2020.03.31"]
[SourceVersion "1"]
[SourceVersionDate "2020.03.31"]
[SourceQuality "1"]

1. e4 c5 2. Nf3 d6 3. d4 cxd4 4. Nxd4 Nf6 5. Nc3 g6 6. Be2 Bg7 7. Be3 Nc6 8. Qd2 0-0 9. 0-0-0 d5 10. exd5 Nxd5 11. Nxc6 bxc6 12. Nxd5 cxd5 13. Qxd5 Qc7 14. Qxa8 Bf5 15. Qxf8+ Kxf8 16. Rd2 Qb8 17. b3 Bc3 18. Bh6+ Ke8 19. Rd5 e6 20. Bb5+ Ke7 21. Bg5+ f6 22. Rd7+ Kf8 23. Bh6+ Kg8 24. Rhd1 Ba5 25. Rg7+ Kh8 26. Rf7 Bb4 27. g4 Be4 28. Rdd7 g5 29. Bg7+ Kg8 30. Bxf6 Qf4+ 31. Kb2 Bf8 32. Bd4 Qb8 33. Bc4 Qc8 34. Rxh7 Ba3+ 35. Kxa3 Bxh7 36. Bxe6+ Kf8 37. Rf7+ Ke8 38. Bxc8 1-0

[Event "ALG-ch"]
[Site "Tiaret"]
[Date "2019.08.05"]
[Round "8"]
[White "Bengherabi, Khalil"]
[Black "Hallal, Tarik"]
[Result "1-0"]
[WhiteElo "2186"]
[BlackElo "1552"]
[PlyCount "69"]
[EventDate "2019.08.01"]
[EventType "swiss"]
[EventRounds "9"]
[EventCountry "ALG"]
[SourceTitle "EXT 2020"]
[Source "ChessBase"]
[SourceDate "2019.10.17"]
[SourceVersion "1"]
[SourceVersionDate "2019.10.17"]
[SourceQuality "1"]

1. e4 c5 2. Nf3 d6 3. d4 cxd4 4. Qxd4 a6 5. c4 Nc6 6. Qd1 g6 7. Nc3 Nf6 8. Nd4 Bg7 9. Nc2 0-0 10. Be2 Rb8 11. 0-0 Bd7 12. Kh1 b5 13. f3 b4 14. Nd5 a5 15. Bg5 Nxd5 16. exd5 Na7 17. Nd4 h6 18. Be3 Nc8 19. Qd2 Kh7 20. f4 e5 21. dxe6 fxe6 22. Rad1 Qe7 23. Nb3 a4 24. Nc5 Bc6 25. Na6 Qb7 26. Nxb8 Bxg2+ 27. Kg1 Bxf1 28. Rxf1 Qxb8 29. Bd3 Ne7 30. b3 axb3 31. axb3 Bc3 32. Qe2 Nf5 33. Bf2 e5 34. fxe5 dxe5 35. Qe4 1-0

[Event "Oran zt 4.1"]
[Site "Oran"]
[Date "2019.04.29"]
[Round "6"]
[White "Bengherabi, Khalil"]
[Black "Moulay, Mehdi"]
[Result "1-0"]
[WhiteElo "2148"]
[BlackElo "2040"]
[PlyCount "79"]
[EventDate "2019.04.25"]
[EventType "tourn"]
[EventRounds "9"]
[EventCountry "ALG"]
[SourceTitle "CBM 190 Extra"]
[Source "ChessBase"]
[SourceDate "2019.07.15"]
[SourceVersion "1"]
[SourceVersionDate "2019.07.15"]
[SourceQuality "1"]

1. e4 e5 2. Nf3 d6 3. d4 exd4 4. Nxd4 Nf6 5. Nc3 Be7 6. Bf4 a6 7. Qd2 0-0 8. 0-0-0 Re8 9. f3 d5 10. Qf2 c5 11. Nb3 d4 12. Bc4 Nbd7 13. Nd5 Nxd5 14. Bxd5 Nb6 15. c4 dxc3 16. Bxf7+ Kxf7 17. Rxd8 cxb2+ 18. Kb1 Rxd8 19. Bc7 Nc4 20. Bxd8 Bxd8 21. Qxc5 Be6 22. Nd4 Nd2+ 23. Kxb2 Bf6 24. Kc2 Rc8 25. Nxe6 Rxc5+ 26. Nxc5 Nc4 27. Kd3 Na5 28. Rb1 Be7 29. Nxb7 Nc6 30. Kc4 Ne5+ 31. Kd5 Nd3 32. Nd6+ Kg6 33. g3 a5 34. a3 h5 35. e5 h4 36. Kd4 Nf2 37. Ke3 Nh3 38. f4 Kh5 39. Rb7 Bd8 40. Nf7 1-0